[Event "Mittelfrank Regionalliga Nord-Ost 2223"]
[Site "Mittelfranken"]
[Date "2022.12.11"]
[Round "4.6"]
[White "Bunk, Wolfgang"]
[Black "Neumann, Robert"]
[Result "1-0"]
[WhiteElo "2026"]
[BlackElo "1875"]
[PlyCount "43"]
[EventDate "2022.10.09"]
[EventType "team-tourn"]
[EventRounds "9"]
[EventCountry "GER"]
[SourceTitle "EXT 2024"]
[Source "ChessBase"]
[SourceDate "2023.10.10"]
[SourceVersion "1"]
[SourceVersionDate "2023.10.10"]
[SourceQuality "1"]
[WhiteTeam "Regensburg Bavaria II"]
[BlackTeam "Nuernberg Noris Tarrasch III"]
[WhiteTeamCountry "GER"]
[BlackTeamCountry "GER"]

1. d4 Nf6 2. c4 g6 3. Nc3 d5 4. Nf3 Bg7 5. Qb3 dxc4 6. Qxc4 0-0 7. e4 a6 8. Be2 b5 9. Qb3 c5 10. dxc5 Be6 11. Qc2 Nc6 12. 0-0 Qc7 13. a3 Ng4 14. g3 Rfd8 15. Bf4 Qb7 16. Rad1 Na5 17. Nd5 Bxd5 18. exd5 Rxd5 19. c6 Nxc6 20. Rxd5 Nd4 21. Rxd4 Bxd4 22. Nxd4 1-0

[Event "Ruhrgebiet Verbandsklasse Gruppe 3 1819"]
[Site "Nordrheinwestfalen"]
[Date "2018.12.02"]
[Round "4.8"]
[White "Neumann, Robert"]
[Black "Thormann, Olaf"]
[Result "1-0"]
[WhiteElo "1773"]
[BlackElo "1779"]
[PlyCount "79"]
[EventDate "2018.09.23"]
[EventType "team-tourn"]
[EventRounds "9"]
[EventCountry "GER"]
[SourceTitle "EXT 2022"]
[Source "ChessBase"]
[SourceDate "2021.10.06"]
[SourceVersion "1"]
[SourceVersionDate "2021.10.06"]
[SourceQuality "1"]
[WhiteTeam "Waltrop SV"]
[BlackTeam "Brambauer"]
[WhiteTeamCountry "GER"]
[BlackTeamCountry "GER"]

1. d4 d5 2. Bf4 c6 3. c3 Nf6 4. e3 Bf5 5. Bd3 Bg6 6. Bxg6 hxg6 7. Nf3 Nh5 8. Ne5 Nd7 9. Nd2 Nxe5 10. dxe5 Nxf4 11. exf4 e6 12. Nf3 Qb6 13. Qb3 Qa6 14. Qc2 Rd8 15. Qe2 Qa4 16. g3 c5 17. 0-0 Be7 18. h4 a6 19. Kg2 Qc6 20. Rh1 d4 21. cxd4 Rxd4 22. Kg1 Rb4 23. Rc1 a5 24. a3 Rb3 25. Nd4 Qd5 26. Nxb3 Qxb3 27. Rc3 Qa4 28. h5 g5 29. fxg5 Bxg5 30. Rxc5 0-0 31. Rc4 Qb5 32. f4 Bh6 33. Kh2 Rd8 34. Rhc1 g5 35. hxg6 fxg6 36. a4 Qd7 37. R1c2 b5 38. axb5 Qxb5 39. Qe4 Qe8 40. Rc5 1-0

[Event "Ruhrgebiet Verbandsklasse Gruppe 1 1718"]
[Site "Germany"]
[Date "2018.02.25"]
[Round "7.8"]
[White "Reuter, Alfred J"]
[Black "Neumann, Robert"]
[Result "0-1"]
[WhiteElo "1571"]
[BlackElo "1670"]
[PlyCount "60"]
[EventDate "2017.09.17"]
[EventType "team-tourn"]
[EventRounds "9"]
[EventCountry "GER"]
[SourceTitle "EXT 2022"]
[Source "ChessBase"]
[SourceDate "2021.10.06"]
[SourceVersion "1"]
[SourceVersionDate "2021.10.06"]
[SourceQuality "1"]
[WhiteTeam "Hamm SV II"]
[BlackTeam "Waltrop SV"]
[WhiteTeamCountry "GER"]
[BlackTeamCountry "GER"]

1. e4 e5 2. f4 d5 3. exd5 exf4 4. Nf3 Be7 5. Bc4 Nf6 6. Nc3 0-0 7. 0-0 Nbd7 8. d4 Nb6 9. Bb3 a5 10. a4 Nfxd5 11. Nxd5 Nxd5 12. c4 Ne3 13. Bxe3 fxe3 14. Qd3 Bf6 15. Bc2 g6 16. Rae1 Bf5 17. Qc3 Bxc2 18. Qxc2 Bxd4 19. Nxd4 Qxd4 20. Re2 Ra6 21. g3 Rd8 22. c5 Rc6 23. Qb3 Re6 24. Qxb7 Qxc5 25. Qb3 Rd2 26. Rfe1 Rxe2 27. Rxe2 Qc1+ 28. Kg2 Qc6+ 29. Kh3 g5 30. g4 Qf3# 0-1

[Event "Mittelfranken-chTB1 1617"]
[Site "Mittelfranken"]
[Date "2017.03.26"]
[Round "8.6"]
[White "Alsheimer, Lea"]
[Black "Neumann, Robert"]
[Result "1/2-1/2"]
[WhiteElo "1795"]
[BlackElo "1847"]
[PlyCount "88"]
[EventDate "2016.10.23"]
[EventType "team-tourn"]
[EventRounds "9"]
[EventCountry "GER"]
[SourceTitle "EXT 2022"]
[Source "ChessBase"]
[SourceDate "2021.10.06"]
[SourceVersion "1"]
[SourceVersionDate "2021.10.06"]
[SourceQuality "1"]
[WhiteTeam "Bechhofen"]
[BlackTeam "Nuernberg Noris Tarrasch III"]
[WhiteTeamCountry "GER"]
[BlackTeamCountry "GER"]

1. d4 Nf6 2. Nf3 g6 3. Nc3 d5 4. Bf4 Bg7 5. e3 0-0 6. Be2 c5 7. Qd2 Nc6 8. Ne5 Ne4 9. Nxc6 bxc6 10. Nxe4 dxe4 11. c3 Qa5 12. 0-0 Rd8 13. Qc2 Be6 14. Qxe4 cxd4 15. exd4 c5 16. dxc5 Qxc5 17. Be3 Qc7 18. Qa4 Bd5 19. Rad1 a5 20. Rxd5 Rxd5 21. Bf3 Rad8 22. Bxd5 Rxd5 23. Qe4 Rb5 24. Bc1 Rh5 25. h3 Qd8 26. Bf4 Rd5 27. Re1 e6 28. Kh2 h6 29. c4 Rd4 30. Qe3 Rxc4 31. Bxh6 Bxb2 32. Qf3 Qc7+ 33. Kg1 Bg7 34. Bg5 Qc6 35. Qg3 Qc7 36. Qf3 Qc6 37. Qd3 Rd4 38. Qg3 Qd6 39. Qc3 Qb4 40. Qc8+ Kh7 41. Rc1 Qd6 42. Qc2 Bh6 43. Bxh6 Kxh6 44. Qe2 Rd3 1/2-1/2

[Event "Mittelfranken Mitte-ch"]
[Site "Nuremberg"]
[Date "2017.01.07"]
[Round "3"]
[White "Neumann, Robert"]
[Black "Petrashov, Alexander"]
[Result "0-1"]
[WhiteElo "1912"]
[BlackElo "1888"]
[PlyCount "128"]
[EventDate "2017.01.05"]
[EventType "swiss"]
[EventRounds "7"]
[EventCountry "GER"]
[SourceTitle "EXT 2018"]
[Source "ChessBase"]
[SourceDate "2017.10.13"]
[SourceVersion "1"]
[SourceVersionDate "2017.10.13"]
[SourceQuality "1"]

1. d4 e6 2. Nf3 d5 3. c4 Nf6 4. Nc3 c6 5. g3 Nbd7 6. Bg2 Bd6 7. Qd3 0-0 8. 0-0 b6 9. e4 dxe4 10. Nxe4 Nxe4 11. Qxe4 Bb7 12. b3 Rb8 13. Bb2 c5 14. Qe2 Qe7 15. Rad1 cxd4 16. Nxd4 Bxg2 17. Kxg2 Rbc8 18. Nb5 Bb8 19. Qg4 f5 20. Qf3 Nc5 21. Rfe1 a6 22. Nc3 Rcd8 23. b4 Rxd1 24. Rxd1 Nb7 25. a3 Qc7 26. Re1 Nd8 27. Qd3 Qc6+ 28. f3 Bc7 29. Qd4 Rf7 30. Rd1 e5 31. Qd5 Qe6 32. Qxe6 Nxe6 33. Nd5 Nf8 34. Re1 Ng6 35. Nxc7 Rxc7 36. Bxe5 Rxc4 37. Kf2 Rc2+ 38. Kg1 Kf7 39. Bd6 Rc3 40. a4 Rxf3 41. Bc7 Rb3 42. a5 b5 43. Bd6 Rd3 44. Bc5 Rd5 45. Kg2 Ne5 46. Re2 Nd7 47. Ba7 Re5 48. Rc2 Ke7 49. Rc6 Re6 50. Rc8 Kd6 51. Rg8 g6 52. Rh8 Ne5 53. Rxh7 Nd3 54. Bb8+ Kd5 55. Rd7+ Kc4 56. Ba7 Nxb4 57. Rd4+ Kb3 58. Bc5 Nc6 59. Rf4 Nxa5 60. g4 fxg4 61. Rxg4 Nc4 62. Rg3+ Ka4 63. Rg4 Rc6 64. Bf8 b4 0-1

[Event "Mittelfranken Mitte-ch"]
[Site "Nuremberg"]
[Date "2017.01.05"]
[Round "1"]
[White "Neumann, Robert"]
[Black "Thoma, Dirk"]
[Result "1-0"]
[WhiteElo "1912"]
[BlackElo "1642"]
[PlyCount "83"]
[EventDate "2017.01.05"]
[EventType "swiss"]
[EventRounds "7"]
[EventCountry "GER"]
[SourceTitle "EXT 2018"]
[Source "ChessBase"]
[SourceDate "2017.10.13"]
[SourceVersion "1"]
[SourceVersionDate "2017.10.13"]
[SourceQuality "1"]

1. d4 d5 2. Nf3 e6 3. g3 Nf6 4. Bg2 Be7 5. 0-0 0-0 6. c4 c6 7. Nc3 Nbd7 8. b3 Qa5 9. Bb2 Bb4 10. Qc2 Ne4 11. Nxe4 dxe4 12. Qxe4 Nf6 13. Qc2 Bd6 14. e4 Nd7 15. e5 Be7 16. c5 f6 17. Bc3 Qc7 18. b4 Re8 19. Rfe1 Nf8 20. Nd2 fxe5 21. dxe5 b6 22. Ne4 Ba6 23. Nd6 Red8 24. Qe4 Bxd6 25. exd6 Qf7 26. Qxc6 Rac8 27. Qa4 Bc4 28. Bd4 b5 29. Qc2 a6 30. Qb2 Rd7 31. Re3 Bd5 32. Bxd5 exd5 33. Rae1 Ng6 34. Qe2 Rf8 35. Re8 Rd8 36. Rxd8 Rxd8 37. h4 Kh8 38. h5 Nf8 39. Qe7 Rd7 40. Qxf7 Rxf7 41. c6 Kg8 42. Re8 1-0

[Event "Mittelfranken-chTB1 1617"]
[Site "Mittelfranken"]
[Date "2016.12.11"]
[Round "4.6"]
[White "Neumann, Robert"]
[Black "Sikorsky, Horst"]
[Result "1/2-1/2"]
[WhiteElo "1847"]
[BlackElo "1876"]
[PlyCount "66"]
[EventDate "2016.10.23"]
[EventType "team-tourn"]
[EventRounds "9"]
[EventCountry "GER"]
[SourceTitle "EXT 2022"]
[Source "ChessBase"]
[SourceDate "2021.10.06"]
[SourceVersion "1"]
[SourceVersionDate "2021.10.06"]
[SourceQuality "1"]
[WhiteTeam "Nuernberg Noris Tarrasch III"]
[BlackTeam "Gunzenhausen"]
[WhiteTeamCountry "GER"]
[BlackTeamCountry "GER"]

1. d4 Nf6 2. Nf3 g6 3. g3 Bg7 4. Bg2 0-0 5. 0-0 d6 6. c4 Nc6 7. Nc3 a6 8. h3 Rb8 9. d5 Na5 10. Nd2 b5 11. cxb5 axb5 12. Nb3 Nc4 13. Nd4 Bd7 14. b3 Na5 15. e4 b4 16. Nce2 e5 17. Nc2 c5 18. Ne3 Bb5 19. Re1 Nh5 20. Qc2 f5 21. exf5 Qf6 22. Bb2 gxf5 23. Nc4 Bxc4 24. bxc4 f4 25. gxf4 Nxf4 26. Nxf4 Qxf4 27. Re4 Qf5 28. Qe2 Rf7 29. Rf1 Bh6 30. Rg4+ Kf8 31. Be4 Qd7 32. Kh1 Ke7 33. Rfg1 Rg8 1/2-1/2

[Event "Mittelfranken-chTB1 1314"]
[Site "Mittelfranken"]
[Date "2013.10.20"]
[Round "1.8"]
[White "Gstaltmeyr, Karl"]
[Black "Neumann, Robert"]
[Result "1/2-1/2"]
[WhiteElo "1700"]
[BlackElo "1855"]
[PlyCount "83"]
[EventDate "2013.10.20"]
[EventType "team-tourn"]
[EventRounds "9"]
[EventCountry "GER"]
[SourceTitle "EXT 2020"]
[Source "ChessBase"]
[SourceDate "2019.10.17"]
[SourceVersion "1"]
[SourceVersionDate "2019.10.17"]
[SourceQuality "1"]
[WhiteTeam "Schwanstetten"]
[BlackTeam "Nuernberg NT III"]
[WhiteTeamCountry "GER"]
[BlackTeamCountry "GER"]

1. d4 Nf6 2. c4 g6 3. Nc3 d5 4. e3 Bg7 5. Bd2 0-0 6. cxd5 Nxd5 7. Nf3 Nc6 8. Be2 Nb6 9. 0-0 Re8 10. Be1 e5 11. d5 Ne7 12. e4 Bd7 13. Qb3 Nec8 14. Rd1 Nd6 15. Nd2 a6 16. f3 Qg5 17. Kh1 Rad8 18. Bf2 Nbc8 19. Na4 Nb5 20. Nc5 Ncd6 21. Nxd7 Rxd7 22. Qa4 Rdd8 23. Nb3 b6 24. Rc1 f5 25. Qb4 Bf8 26. Bxb5 Nxb5 27. Qe1 Rd7 28. a4 Nd6 29. Bh4 Qh6 30. Bf2 a5 31. Nd2 fxe4 32. Nxe4 Nxe4 33. fxe4 Bb4 34. Qe2 Bd6 35. Be3 Qg7 36. Rf3 Rf7 37. Rxf7 Qxf7 38. Rf1 Qg7 39. Rf3 Rf8 40. Qf1 Rxf3 41. Qxf3 Qf7 42. Qxf7+ 1/2-1/2

[Event "Nuremberg LGA Cup 9th"]
[Site "Nuremberg"]
[Date "2012.09.08"]
[Round "5"]
[White "Troyke, Doreen"]
[Black "Neumann, Robert"]
[Result "1-0"]
[WhiteElo "2100"]
[BlackElo "1875"]
[PlyCount "89"]
[EventDate "2012.09.06"]
[EventType "swiss"]
[EventRounds "7"]
[EventCountry "GER"]
[SourceTitle "CBM 150 Extra"]
[Source "ChessBase"]
[SourceDate "2012.10.19"]
[SourceVersion "1"]
[SourceVersionDate "2012.10.19"]
[SourceQuality "1"]

1. c4 Nf6 2. g3 g6 3. Bg2 c5 4. Nc3 Nc6 5. e3 Bg7 6. Nge2 0-0 7. 0-0 d6 8. d3 Bd7 9. h3 Rb8 10. Rb1 a6 11. b3 b5 12. Bb2 bxc4 13. dxc4 Qc8 14. Kh2 Ne8 15. Qd2 Nc7 16. Rbd1 Nb4 17. Nf4 Re8 18. Nd3 Nxd3 19. Qxd3 Na8 20. Rd2 Nb6 21. Rfd1 Bc6 22. Nd5 Nxd5 23. Bxd5 Bxb2 24. Rxb2 Bxd5 25. Qxd5 Qb7 26. e4 Qxd5 27. Rxd5 f6 28. f4 Rb6 29. Rbd2 Rc8 30. g4 Kf7 31. Kg3 a5 32. e5 Rcc6 33. exf6 exf6 34. f5 g5 35. Re2 Rb7 36. Re6 Rd7 37. Rd3 Ra6 38. Kf3 Rb6 39. Ke4 Ra6 40. Kd5 Rb6 41. h4 h6 42. hxg5 hxg5 43. Rh3 Kg7 44. Re8 Kf7 45. Reh8 1-0

[Event "Nuremberg LGA Cup 9th"]
[Site "Nuremberg"]
[Date "2012.09.07"]
[Round "4"]
[White "Neumann, Robert"]
[Black "Zimmermann, Ulrich"]
[Result "0-1"]
[WhiteElo "1875"]
[BlackElo "2219"]
[PlyCount "44"]
[EventDate "2012.09.06"]
[EventType "swiss"]
[EventRounds "7"]
[EventCountry "GER"]
[SourceTitle "CBM 150 Extra"]
[Source "ChessBase"]
[SourceDate "2012.10.19"]
[SourceVersion "1"]
[SourceVersionDate "2012.10.19"]
[SourceQuality "1"]

1. c4 Nf6 2. Nf3 c5 3. d4 cxd4 4. Nxd4 e5 5. Nf3 Nc6 6. Nc3 Bc5 7. e3 0-0 8. Be2 a6 9. 0-0 e4 10. Nd4 Qe7 11. Na4 Ba7 12. Nf5 Qe5 13. Ng3 b5 14. Nc3 bxc4 15. Bxc4 Ne7 16. Bd2 d5 17. Be2 Nf5 18. Nxf5 Qxf5 19. Rc1 Qg5 20. Kh1 Bb8 21. f4 exf3 22. Bxf3 Qh4 0-1

[Event "Nuremberg LGA Cup 8th"]
[Site "Nuremberg"]
[Date "2011.09.11"]
[Round "7"]
[White "Neumann, Robert"]
[Black "Steinmueller, Alexander"]
[Result "1/2-1/2"]
[WhiteElo "1810"]
[BlackElo "1952"]
[PlyCount "54"]
[EventDate "2011.09.08"]
[EventType "swiss"]
[EventRounds "7"]
[EventCountry "GER"]
[SourceTitle "CBM 144 Extra"]
[Source "ChessBase"]
[SourceDate "2011.10.28"]
[SourceVersion "1"]
[SourceVersionDate "2011.10.28"]
[SourceQuality "1"]

1. c4 e5 2. g3 Nc6 3. Bg2 Bc5 4. Nc3 a6 5. e3 Ba7 6. Nge2 d6 7. 0-0 h5 8. h3 h4 9. g4 f5 10. gxf5 Bxf5 11. d4 Qd7 12. Kh2 0-0-0 13. d5 Nce7 14. e4 Bg6 15. f4 Bh5 16. Qd3 Nf6 17. fxe5 dxe5 18. b4 Nc6 19. Rb1 Nd4 20. Nxd4 Bxd4 21. Be3 Bxe3 22. Qxe3 Kb8 23. b5 a5 24. b6 c6 25. Qc5 Qd6 26. Qxa5 Kc8 27. c5 Qb8 1/2-1/2

[Event "Nuremberg LGA Cup 7th"]
[Site "Nuremberg"]
[Date "2010.09.05"]
[Round "7"]
[White "Forster, Stephan"]
[Black "Neumann, Robert"]
[Result "1/2-1/2"]
[WhiteElo "1548"]
[BlackElo "1785"]
[PlyCount "61"]
[EventDate "2010.09.02"]
[EventType "swiss"]
[EventRounds "7"]
[EventCountry "GER"]
[SourceTitle "CBM 138 Extra"]
[Source "ChessBase"]
[SourceDate "2010.10.29"]
[SourceVersion "1"]
[SourceVersionDate "2010.10.29"]
[SourceQuality "1"]

1. d4 Nf6 2. Nf3 g6 3. c4 Bg7 4. Nc3 d5 5. e3 0-0 6. Be2 c6 7. 0-0 Nbd7 8. b3 dxc4 9. bxc4 c5 10. Bb2 cxd4 11. exd4 a6 12. Re1 Qc7 13. Qb3 b6 14. Rad1 Bb7 15. Qc2 Rac8 16. Nd2 Rfe8 17. f3 Nh5 18. Nce4 Nf4 19. Bf1 f5 20. Nf2 e5 21. g3 Ne6 22. dxe5 Nxe5 23. Bg2 Nc5 24. f4 Bxg2 25. Kxg2 Qb7+ 26. Kf1 Ng4 27. Bxg7 Qxg7 28. Nxg4 fxg4 29. Nb3 Qb7 30. Kg1 Nxb3 31. axb3 1/2-1/2

[Event "Nuremberg LGA Cup 7th"]
[Site "Nuremberg"]
[Date "2010.09.04"]
[Round "5"]
[White "Mihok, Laszlo"]
[Black "Neumann, Robert"]
[Result "1-0"]
[WhiteElo "2151"]
[BlackElo "1882"]
[PlyCount "81"]
[EventDate "2010.09.02"]
[EventType "swiss"]
[EventRounds "7"]
[EventCountry "GER"]
[SourceTitle "CBM 138 Extra"]
[Source "ChessBase"]
[SourceDate "2010.10.29"]
[SourceVersion "1"]
[SourceVersionDate "2010.10.29"]
[SourceQuality "1"]

1. d4 Nf6 2. Bg5 Ne4 3. Bf4 c5 4. f3 Qa5+ 5. c3 Nf6 6. Nd2 d6 7. e4 cxd4 8. Nc4 Qd8 9. cxd4 g6 10. d5 Bg7 11. Ne2 0-0 12. Nd4 Nbd7 13. Be2 Nb6 14. Qd2 Re8 15. 0-0 Nxc4 16. Bxc4 a6 17. a4 Nd7 18. Rfc1 Ne5 19. Be2 Bd7 20. Be3 Rc8 21. a5 Rxc1+ 22. Rxc1 Qb8 23. h3 Bc8 24. b4 Nd7 25. b5 Nc5 26. Qb4 Bd7 27. Rb1 Qc7 28. bxa6 bxa6 29. Qb6 Qc8 30. Nc6 Na4 31. Qxa6 Qxa6 32. Bxa6 Nc5 33. Bxc5 dxc5 34. Rb7 Bxc6 35. dxc6 Rc8 36. Rb6 Rc7 37. Rb8+ Bf8 38. Bb7 c4 39. Kf1 c3 40. Ke2 c2 41. Kd2 1-0

[Event "Nuremberg LGA Cup 7th"]
[Site "Nuremberg"]
[Date "2010.09.02"]
[Round "1"]
[White "Hirn, Oskar"]
[Black "Neumann, Robert"]
[Result "1-0"]
[WhiteElo "2246"]
[BlackElo "1882"]
[PlyCount "63"]
[EventDate "2010.09.02"]
[EventType "swiss"]
[EventRounds "7"]
[EventCountry "GER"]
[SourceTitle "CBM 138 Extra"]
[Source "ChessBase"]
[SourceDate "2010.10.29"]
[SourceVersion "1"]
[SourceVersionDate "2010.10.29"]
[SourceQuality "1"]

1. d4 Nf6 2. g3 g6 3. Bg2 d5 4. Nf3 Bg7 5. 0-0 c5 6. dxc5 Qa5 7. Nc3 Qxc5 8. Be3 Qa5 9. Nd4 e6 10. Nb3 Qd8 11. Bc5 Nbd7 12. Bd6 Bf8 13. Bxf8 Kxf8 14. e4 Nb6 15. Qd4 Rg8 16. Rad1 Bd7 17. exd5 exd5 18. Nxd5 Nbxd5 19. Bxd5 Qb6 20. Nc5 Bh3 21. Bxb7 Rb8 22. Bg2 Bxg2 23. Kxg2 Qxb2 24. c3 Qb6 25. Rfe1 Qc6+ 26. Kg1 Kg7 27. Qc4 Rgc8 28. Re7 Kh6 29. Qxf7 Qxc5 30. Qxf6 Rf8 31. Qg7+ Kg5 32. Re5+ 1-0

[Event "Nuremberg LGA Cup 6th"]
[Site "Nuremberg"]
[Date "2009.09.06"]
[Round "6"]
[White "Seeger, Peter"]
[Black "Neumann, Robert"]
[Result "0-1"]
[WhiteElo "2015"]
[BlackElo "1867"]
[PlyCount "54"]
[EventDate "2009.09.03"]
[EventType "swiss"]
[EventRounds "7"]
[EventCountry "GER"]
[SourceTitle "CBM 132 Extra"]
[Source "ChessBase"]
[SourceDate "2009.11.03"]
[SourceVersion "1"]
[SourceVersionDate "2009.11.03"]
[SourceQuality "1"]

1. d4 Nf6 2. c4 g6 3. Nc3 d5 4. Nf3 Bg7 5. cxd5 Nxd5 6. e4 Nxc3 7. bxc3 0-0 8. Rb1 c5 9. Be2 Nc6 10. d5 Bxc3+ 11. Bd2 Bxd2+ 12. Qxd2 Nb8 13. h4 f6 14. Rb3 Nd7 15. h5 g5 16. h6 Kh8 17. Qb2 g4 18. Nh2 Ne5 19. f4 gxf3 20. gxf3 Rg8 21. f4 Ng4 22. Nxg4 Bxg4 23. Rxb7 Bxe2 24. Qxe2 Rb8 25. Rxb8 Qxb8 26. Rh4 Qb1+ 27. Kf2 Qg1+ 0-1

[Event "Nuremberg LGA Cup 6th"]
[Site "Nuremberg"]
[Date "2009.09.04"]
[Round "2"]
[White "Menacher, Manfred"]
[Black "Neumann, Robert"]
[Result "1-0"]
[WhiteElo "2274"]
[BlackElo "1867"]
[PlyCount "73"]
[EventDate "2009.09.03"]
[EventType "swiss"]
[EventRounds "7"]
[EventCountry "GER"]
[SourceTitle "CBM 132 Extra"]
[Source "ChessBase"]
[SourceDate "2009.11.03"]
[SourceVersion "1"]
[SourceVersionDate "2009.11.03"]
[SourceQuality "1"]

1. Nf3 Nf6 2. d4 g6 3. Nbd2 Bg7 4. e4 d6 5. Bd3 0-0 6. 0-0 Nbd7 7. Re1 c5 8. d5 a6 9. a4 b6 10. c4 Bb7 11. h3 Qc7 12. Ra3 Rae8 13. Nf1 e6 14. Ng3 exd5 15. cxd5 Re7 16. Bc4 Rfe8 17. Rae3 h6 18. Qd3 Qc8 19. R3e2 Nh7 20. Bf4 Ne5 21. Nxe5 dxe5 22. Bd2 a5 23. Rc1 Rd8 24. Be3 Red7 25. Nf1 Rd6 26. Nd2 f5 27. f3 Nf6 28. Bb5 fxe4 29. fxe4 Qa8 30. Nc4 Nxe4 31. Nxd6 Nxd6 32. Qxg6 Nxb5 33. Bxh6 Rd7 34. axb5 Bxd5 35. Rxe5 Rf7 36. Bxg7 Rxg7 37. Re8+ 1-0

[Event "Mittelfrankenliga-B1 0708"]
[Site "Mittelfranken"]
[Date "2008.04.27"]
[Round "9.8"]
[White "Koschka, Robert"]
[Black "Neumann, Robert"]
[Result "1/2-1/2"]
[WhiteElo "1843"]
[BlackElo "1802"]
[PlyCount "54"]
[EventDate "2007.10.14"]
[EventType "team-tourn"]
[EventRounds "9"]
[EventCountry "GER"]
[SourceTitle "EXT 2011"]
[Source "ChessBase"]
[SourceDate "2010.11.26"]
[SourceVersion "1"]
[SourceVersionDate "2010.11.26"]
[SourceQuality "1"]
[WhiteTeam "Fuerth SF"]
[BlackTeam "Nuernberg NT IV"]
[WhiteTeamCountry "GER"]
[BlackTeamCountry "GER"]

1. e4 c5 2. d4 cxd4 3. c3 d3 4. Bxd3 g6 5. f4 Bg7 6. Bc4 Nc6 7. Nf3 d6 8. Be3 Nf6 9. Na3 0-0 10. Bd3 Bd7 11. Nc2 Qc7 12. h3 Na5 13. Qe2 Nh5 14. Qf2 Nc4 15. Bxc4 Qxc4 16. Nd2 Qa4 17. Nb4 Bc6 18. 0-0 Nf6 19. b3 Qa5 20. Nxc6 bxc6 21. b4 Qa6 22. Bd4 Qd3 23. Rfe1 a5 24. Re3 Qc2 25. Nb3 Qxf2+ 26. Kxf2 axb4 27. cxb4 e5 1/2-1/2